| 000 | 00575nam a22001817a 4500 | ||
|---|---|---|---|
| 003 | BD-DhJNU | ||
| 005 | 20250810042203.0 | ||
| 008 | 250810b |||||||| |||| 00| 0 eng d | ||
| 040 |
_aBD-DhJNU _bENG _cBD-DhJNU _dBD-DhJNU |
||
| 082 |
_223 _a970 DEO |
||
| 100 | _aDegler, Carl N. | ||
| 245 |
_aOut of our past : _bthe forces that shaped modern America / _cCarl N Degler |
||
| 260 |
_aNew York : _bHarper Colophon Books, _c1959. |
||
| 300 |
_axvi 484p. : _bill. ; _c22 cm |
||
| 504 | _aIncludes bibliographies and index | ||
| 650 |
_aUnited States _xHistory |
||
| 942 |
_2ddc _cBK _n0 |
||
| 999 |
_c1973 _d1973 |
||